[Event "BL2-Nord 2223"]
[Site "Germany"]
[Date "2023.02.26"]
[Round "8.5"]
[White "Stachowiak, Kamil"]
[Black "Colbow, Collin"]
[Result "1/2-1/2"]
[WhiteElo "2466"]
[BlackElo "2379"]
[PlyCount "45"]
[EventDate "2022.10.22"]
[EventType "team-tourn"]
[EventRounds "10"]
[EventCountry "GER"]
[SourceTitle "EXT 2024"]
[Source "ChessBase"]
[SourceDate "2023.10.10"]
[SourceVersion "1"]
[SourceVersionDate "2023.10.10"]
[SourceQuality "1"]
[WhiteTeam "Zehlendorf"]
[BlackTeam "Werder Bremen II"]
[WhiteTeamCountry "GER"]
[BlackTeamCountry "GER"]

1. d4 Nf6 2. Nf3 e6 3. c4 d5 4. Nc3 dxc4 5. e3 a6 6. Bxc4 b5 7. Be2 Bb7 8. 0-0 Nbd7 9. a3 c5 10. dxc5 Nxc5 11. b4 Qxd1 12. Rxd1 Nb3 13. Rb1 Nxc1 14. Rbxc1 Be7 15. Nd4 0-0 16. Bf3 Bxf3 17. gxf3 Rfc8 18. Ne4 Nd5 19. Nc6 Kf8 20. Na5 Ke8 21. Kf1 Rxc1 22. Rxc1 Kd7 23. Nc5+ 1/2-1/2

[Event "BL2-Nord 2223"]
[Site "Germany"]
[Date "2023.02.25"]
[Round "7.5"]
[White "Schulze, Torben"]
[Black "Stachowiak, Kamil"]
[Result "1/2-1/2"]
[WhiteElo "2280"]
[BlackElo "2466"]
[PlyCount "28"]
[EventDate "2022.10.22"]
[EventType "team-tourn"]
[EventRounds "10"]
[EventCountry "GER"]
[SourceTitle "EXT 2024"]
[Source "ChessBase"]
[SourceDate "2023.10.10"]
[SourceVersion "1"]
[SourceVersionDate "2023.10.10"]
[SourceQuality "1"]
[WhiteTeam "Lister Turm"]
[BlackTeam "Zehlendorf"]
[WhiteTeamCountry "GER"]
[BlackTeamCountry "GER"]

1. e4 c5 2. Nf3 e6 3. c3 Nf6 4. Bd3 Nc6 5. Bc2 d6 6. 0-0 Be7 7. Re1 0-0 8. d4 cxd4 9. cxd4 e5 10. h3 exd4 11. Nxd4 Nxd4 12. Qxd4 Be6 13. Nc3 Qa5 14. Bf4 Rfd8 1/2-1/2

[Event "Wroclaw Radzikowska Blitz op"]
[Site "Wroclaw"]
[Date "2022.11.04"]
[Round "3"]
[White "Stachowiak, Kamil"]
[Black "Maltsevskaya, Aleksandra"]
[Result "0-1"]
[WhiteElo "2464"]
[BlackElo "2402"]
[PlyCount "104"]
[EventDate "2022.11.04"]
[EventType "swiss (blitz)"]
[EventRounds "11"]
[EventCountry "POL"]
[SourceTitle "EXT 2024"]
[Source "ChessBase"]
[SourceDate "2023.10.10"]
[SourceVersion "1"]
[SourceVersionDate "2023.10.10"]
[SourceQuality "1"]

1. d4 Nf6 2. Nf3 g6 3. c4 Bg7 4. g3 0-0 5. Bg2 d6 6. 0-0 Nbd7 7. Nc3 e5 8. e4 exd4 9. Nxd4 Nc5 10. h3 Re8 11. Re1 Bd7 12. Bf4 a5 13. Ndb5 Bc6 14. Qc2 Nfd7 15. Rad1 Ne5 16. b3 a4 17. b4 Ne6 18. Bxe5 Bxe5 19. f4 Bg7 20. e5 Re7 21. exd6 cxd6 22. Rxd6 Rd7 23. Rxd7 Qxd7 24. Kh2 Bxg2 25. Qxg2 Qd3 26. Qe2 Rd8 27. Nd5 Qxe2+ 28. Rxe2 h5 29. h4 Bf8 30. a3 Kg7 31. Kg2 Rc8 32. c5 Rd8 33. Nb6 Rd3 34. Nxa4 Kh7 35. Nac3 Ng7 36. Ne4 Nf5 37. Rd2 Re3 38. Ng5+ Kg8 39. Nf3 Rb3 40. Nbd4 Ne3+ 41. Kh3 Rxa3 42. Ng5 Nf1 43. Rg2 Ne3 44. Re2 Ng4 45. Ne4 Bg7 46. Nb5 Rb3 47. Nbd6 Rxb4 48. Ng5 f6 49. Re8+ Bf8 50. Ne6 Rb2 51. Rxf8+ Kh7 52. Rf7+ Kh6 0-1

[Event "POL-chT 2nd League"]
[Site "Jastrzebia Gora"]
[Date "2022.09.06"]
[Round "4.19"]
[White "Szustakowski, Antoni"]
[Black "Stachowiak, Kamil"]
[Result "1/2-1/2"]
[WhiteElo "2311"]
[BlackElo "2476"]
[PlyCount "41"]
[EventDate "2022.09.03"]
[EventType "team-swiss"]
[EventRounds "9"]
[EventCountry "POL"]
[SourceTitle "CBM 210 Extra"]
[Source "ChessBase"]
[SourceDate "2022.11.30"]
[SourceVersion "1"]
[SourceVersionDate "2022.11.30"]
[SourceQuality "1"]
[WhiteTeam "Krakow Gens Una Sumus"]
[BlackTeam "Wroclaw Polonia"]
[WhiteTeamCountry "POL"]
[BlackTeamCountry "POL"]

1. d4 Nf6 2. Nf3 e6 3. c4 Bb4+ 4. Nbd2 0-0 5. a3 Be7 6. e4 d6 7. b4 a5 8. Bb2 e5 9. d5 Bg4 10. Be2 Nbd7 11. 0-0 Bh5 12. Qc2 Bg6 13. Bd3 b6 14. Bc3 h6 15. g3 Nh7 16. Rfe1 Ng5 17. Nxg5 Bxg5 18. Nf3 Be7 19. Nd2 Bg5 20. Nf3 Be7 21. Nd2 1/2-1/2

[Event "POL-chT 2nd League"]
[Site "Jastrzebia Gora"]
[Date "2022.09.05"]
[Round "3.1"]
[White "Stachowiak, Kamil"]
[Black "Pakleza, Zbigniew"]
[Result "1/2-1/2"]
[WhiteElo "2476"]
[BlackElo "2499"]
[PlyCount "43"]
[EventDate "2022.09.03"]
[EventType "team-swiss"]
[EventRounds "9"]
[EventCountry "POL"]
[SourceTitle "CBM 210 Extra"]
[Source "ChessBase"]
[SourceDate "2022.11.30"]
[SourceVersion "1"]
[SourceVersionDate "2022.11.30"]
[SourceQuality "1"]
[WhiteTeam "Wroclaw Polonia"]
[BlackTeam "Bydgoszcz Energia Gwiazda"]
[WhiteTeamCountry "POL"]
[BlackTeamCountry "POL"]

1. c4 Nf6 2. Nf3 c6 3. d4 d5 4. Nc3 a6 5. e3 b5 6. b3 Bg4 7. Be2 e6 8. 0-0 Nbd7 9. h3 Bh5 10. Bb2 Bd6 11. Ne5 Bxe2 12. Nxe2 Qc7 13. cxd5 cxd5 14. Rc1 Qb8 15. f4 Qb7 16. Ng3 0-0 17. Rf2 Rac8 18. Rfc2 Nb6 19. Nd3 Rxc2 20. Rxc2 Rc8 21. Nc5 Qa8 22. Nd3 1/2-1/2

[Event "Bydgoszcz PGNiG Blitz"]
[Site "Bydgoszcz"]
[Date "2021.09.19"]
[Round "7"]
[White "Karpus, Michal"]
[Black "Stachowiak, Kamil"]
[Result "0-1"]
[WhiteElo "2179"]
[BlackElo "2470"]
[PlyCount "86"]
[EventDate "2021.09.19"]
[EventType "swiss (blitz)"]
[EventRounds "13"]
[EventCountry "POL"]
[SourceTitle "CBM 204 Extra"]
[Source "ChessBase"]
[SourceDate "2021.11.30"]
[SourceVersion "1"]
[SourceVersionDate "2021.11.30"]
[SourceQuality "1"]

1. e4 c5 2. Nf3 d6 3. d4 cxd4 4. Nxd4 Nf6 5. Nc3 a6 6. Be3 g6 7. f3 Bg7 8. Qd2 Nbd7 9. g4 Ne5 10. g5 Nh5 11. 0-0-0 0-0 12. Be2 b5 13. Nd5 Bb7 14. f4 Nc4 15. Bxc4 bxc4 16. f5 Be5 17. Kb1 Rb8 18. c3 Qd7 19. Rhf1 e6 20. fxe6 fxe6 21. Nf6+ Nxf6 22. gxf6 Bxe4+ 23. Ka1 Rxf6 24. Bg5 Rxf1 25. Rxf1 d5 26. Bh6 Bd3 27. Re1 Bxd4 28. cxd4 Qf7 29. Qa5 Qf2 30. Bd2 Qxh2 31. Bc3 Rf8 32. Qxa6 Qh3 33. Qd6 h5 34. Bb4 Rf1 35. Qd8+ Kg7 36. Qe7+ Rf7 37. Qd6 Qf5 38. a4 c3 39. Bxc3 h4 40. a5 h3 41. a6 Ra7 42. Qe5+ Qxe5 43. dxe5 Rxa6+ 0-1

[Event "Bydgoszcz PGNiG Blitz"]
[Site "Bydgoszcz"]
[Date "2021.09.19"]
[Round "6"]
[White "Kowalski, Igor"]
[Black "Stachowiak, Kamil"]
[Result "0-1"]
[WhiteElo "2378"]
[BlackElo "2470"]
[PlyCount "74"]
[EventDate "2021.09.19"]
[EventType "swiss (blitz)"]
[EventRounds "13"]
[EventCountry "POL"]
[SourceTitle "CBM 204 Extra"]
[Source "ChessBase"]
[SourceDate "2021.11.30"]
[SourceVersion "1"]
[SourceVersionDate "2021.11.30"]
[SourceQuality "1"]

1. e4 c5 2. Nf3 d6 3. d4 cxd4 4. Nxd4 Nf6 5. Nc3 a6 6. Be2 g6 7. Be3 Bg7 8. g4 b5 9. g5 Nfd7 10. h4 Bb7 11. f3 Nb6 12. h5 Rg8 13. hxg6 hxg6 14. a3 N8d7 15. Nb3 Rc8 16. Bd4 e5 17. Be3 Qc7 18. Bxb5 axb5 19. Nxb5 Qb8 20. Nxd6+ Ke7 21. Nxc8+ Rxc8 22. Rh7 Kf8 23. Bxb6 Nxb6 24. Na5 Na4 25. Qd2 Kg8 26. Rh2 Ba6 27. b3 Nc3 28. Nc4 Bxc4 29. Qxc3 Be6 30. Qd2 Qa7 31. 0-0-0 Qxa3+ 32. Kb1 Bxb3 33. Qd3 Ba2+ 34. Ka1 Rc3 35. Qd8+ Bf8 36. Rh8+ Kxh8 37. Qf6+ Kg8 0-1

[Event "Bydgoszcz PGNiG Rapid"]
[Site "Bydgoszcz"]
[Date "2021.09.18"]
[Round "3"]
[White "Stachowiak, Kamil"]
[Black "Madrawski, Krzysztof"]
[Result "1-0"]
[WhiteElo "2470"]
[BlackElo "1926"]
[PlyCount "47"]
[EventDate "2021.09.18"]
[EventType "swiss (rapid)"]
[EventRounds "9"]
[EventCountry "POL"]
[SourceTitle "CBM 204 Extra"]
[Source "ChessBase"]
[SourceDate "2021.11.30"]
[SourceVersion "1"]
[SourceVersionDate "2021.11.30"]
[SourceQuality "1"]

1. Nf3 c5 2. g3 b6 3. Bg2 Bb7 4. 0-0 Nf6 5. c4 g6 6. d4 cxd4 7. Qxd4 Bg7 8. Nc3 Nc6 9. Qh4 h6 10. Nd5 Rc8 11. Rb1 Na5 12. b3 Bxd5 13. cxd5 Nxd5 14. Bb2 Nc3 15. Bxc3 Rxc3 16. Rfd1 0-0 17. Nd4 e5 18. Qxd8 Rxd8 19. Nb5 Rc2 20. b4 Nc6 21. e3 a6 22. Nd6 Rxa2 23. Nxf7 Rc8 24. Bd5 1-0

[Event "POL-chT 1st League"]
[Site "Szklarska Poreba"]
[Date "2021.09.11"]
[Round "8.3"]
[White "Skawinski, Arkadiusz"]
[Black "Stachowiak, Kamil"]
[Result "0-1"]
[WhiteElo "2359"]
[BlackElo "2470"]
[PlyCount "68"]
[EventDate "2021.09.04"]
[EventType "team-swiss"]
[EventRounds "9"]
[EventCountry "POL"]
[SourceTitle "CBM 204 Extra"]
[Source "ChessBase"]
[SourceDate "2021.11.30"]
[SourceVersion "1"]
[SourceVersionDate "2021.11.30"]
[SourceQuality "1"]
[WhiteTeam "Wisznia Mala Bialy Krol"]
[BlackTeam "Wroclaw Polonia"]
[WhiteTeamCountry "POL"]
[BlackTeamCountry "POL"]

1. e4 c5 2. c3 Nf6 3. e5 Nd5 4. d4 cxd4 5. Nf3 e6 6. cxd4 d6 7. Bc4 Nc6 8. 0-0 Be7 9. Qe2 0-0 10. Re1 Bd7 11. Nc3 Nxc3 12. bxc3 dxe5 13. dxe5 Qc7 14. Bd2 Rfd8 15. Bd3 Be8 16. Rad1 Rd5 17. Qe4 g6 18. h4 Rad8 19. Bc4 R5d7 20. Bb3 Na5 21. Nd4 Nxb3 22. axb3 Rd5 23. Rc1 b5 24. b4 Qc4 25. Bg5 Bxg5 26. hxg5 a5 27. bxa5 b4 28. Nf5 Qxe4 29. Nh6+ Kf8 30. Rxe4 b3 31. Rb1 Rd1+ 32. Re1 Rxe1+ 33. Rxe1 Ba4 34. a6 b2 0-1

[Event "POL-chT 1st League"]
[Site "Szklarska Poreba"]
[Date "2021.09.07"]
[Round "4.6"]
[White "Stachowiak, Kamil"]
[Black "Sieciechowicz, Marcin"]
[Result "1/2-1/2"]
[WhiteElo "2470"]
[BlackElo "2362"]
[PlyCount "53"]
[EventDate "2021.09.04"]
[EventType "team-swiss"]
[EventRounds "9"]
[EventCountry "POL"]
[SourceTitle "CBM 204 Extra"]
[Source "ChessBase"]
[SourceDate "2021.11.30"]
[SourceVersion "1"]
[SourceVersionDate "2021.11.30"]
[SourceQuality "1"]
[WhiteTeam "Wroclaw Polonia"]
[BlackTeam "Gostynin Gostmat 83"]
[WhiteTeamCountry "POL"]
[BlackTeamCountry "POL"]

1. d4 Nf6 2. c4 g6 3. Nc3 Bg7 4. e4 d6 5. g3 0-0 6. Bg2 c5 7. d5 e6 8. Nge2 exd5 9. cxd5 Re8 10. Qc2 a6 11. a4 Nbd7 12. 0-0 Rb8 13. Rb1 c4 14. h3 Nc5 15. Be3 Qc7 16. Nd4 Qe7 17. Rfe1 Bd7 18. a5 Nfxe4 19. Nxe4 Nxe4 20. Qxc4 Qf6 21. Rbd1 Rbc8 22. Qb4 Nc5 23. Qb6 Qd8 24. Qxd6 Qxa5 25. Nb3 Nxb3 26. Qxd7 Nc5 27. Qg4 1/2-1/2

[Event "Titled Tuesday intern op 10th Aug"]
[Site "Chess.com INT"]
[Date "2021.08.10"]
[Round "3"]
[White "Patrascu, Catalin Lucian"]
[Black "Stachowiak, Kamil"]
[Result "0-1"]
[WhiteElo "2304"]
[BlackElo "2470"]
[PlyCount "82"]
[EventDate "2021.08.10"]
[EventType "swiss (blitz)"]
[EventRounds "11"]
[EventCountry "USA"]
[SourceTitle "CBM 203 Extra"]
[Source "ChessBase"]
[SourceDate "2021.09.30"]
[SourceVersion "1"]
[SourceVersionDate "2021.09.30"]
[SourceQuality "1"]

1. e4 c5 2. Nf3 e6 3. d4 cxd4 4. Nxd4 a6 5. c4 Qc7 6. Nc3 b6 7. Be3 Bb7 8. Be2 Nf6 9. f3 Be7 10. 0-0 d6 11. Qd2 Nbd7 12. Rfc1 0-0 13. a4 Rfe8 14. a5 bxa5 15. Nb3 Rab8 16. Nxa5 Ba8 17. Bf1 Nc5 18. Na4 Nb3 19. Nxb3 Rxb3 20. Rc3 Rb4 21. c5 Reb8 22. cxd6 Qxd6 23. Qxd6 Bxd6 24. Bxa6 Be5 25. Rca3 Bc6 26. Bf1 h5 27. Bf2 Kh7 28. b3 Bxa1 29. Rxa1 Rxb3 30. Nc5 Rb1 31. Ra3 Bb5 32. Nd3 Rd8 33. Ne1 Bxf1 34. Kxf1 Rd2 35. Ra7 Kg6 36. h4 Nd7 37. Be3 Rdd1 38. Bf2 Ne5 39. Ke2 Nc4 40. Rc7 Rd2+ 41. Kf1 Ne5 0-1

[Event "Titled Tuesday intern op 10th Aug"]
[Site "Chess.com INT"]
[Date "2021.08.10"]
[Round "5"]
[White "Shafigullina, Zarina"]
[Black "Stachowiak, Kamil"]
[Result "1-0"]
[WhiteElo "2245"]
[BlackElo "2470"]
[PlyCount "73"]
[EventDate "2021.08.10"]
[EventType "swiss (blitz)"]
[EventRounds "11"]
[EventCountry "USA"]
[SourceTitle "CBM 203 Extra"]
[Source "ChessBase"]
[SourceDate "2021.09.30"]
[SourceVersion "1"]
[SourceVersionDate "2021.09.30"]
[SourceQuality "1"]

1. Nf3 c5 2. g3 d5 3. d4 Nc6 4. Bg2 Nf6 5. 0-0 Bf5 6. c4 e6 7. cxd5 exd5 8. Nc3 c4 9. Bg5 Be7 10. Re1 0-0 11. Nh4 Be6 12. Nf3 a6 13. a4 Ne4 14. Bf4 Nxc3 15. bxc3 b5 16. axb5 axb5 17. Ne5 Nxe5 18. dxe5 b4 19. e4 Rxa1 20. Qxa1 dxe4 21. Bxe4 b3 22. Qb1 h6 23. Be3 Qa5 24. f4 Qxc3 25. f5 Bc8 26. f6 Bb4 27. Re2 Qxe5 28. fxg7 Qxg7 29. Qc1 c3 30. Bxh6 b2 31. Qe3 Qg4 32. Bxf8 Kxf8 33. Bb1 Kg7 34. Qe5+ f6 35. Qc7+ Bd7 36. Re4 Qxe4 37. Bxe4 1-0

[Event "Titled Tuesday intern op 10th Aug"]
[Site "Chess.com INT"]
[Date "2021.08.10"]
[Round "2"]
[White "Stachowiak, Kamil"]
[Black "Le, Tuan Minh"]
[Result "0-1"]
[WhiteElo "2470"]
[BlackElo "2514"]
[PlyCount "78"]
[EventDate "2021.08.10"]
[EventType "swiss (blitz)"]
[EventRounds "11"]
[EventCountry "USA"]
[SourceTitle "CBM 203 Extra"]
[Source "ChessBase"]
[SourceDate "2021.09.30"]
[SourceVersion "1"]
[SourceVersionDate "2021.09.30"]
[SourceQuality "1"]

1. Nf3 d5 2. g3 Nd7 3. c4 dxc4 4. Bg2 Nb6 5. 0-0 c6 6. a4 a5 7. Qc2 Nf6 8. Na3 Qd5 9. Nh4 Qd4 10. e3 Qd3 11. Qxd3 cxd3 12. Re1 e5 13. b3 Bb4 14. Bb2 Bg4 15. h3 Be2 16. Nb1 Nbd7 17. Nc3 Bxc3 18. Bxc3 0-0 19. Nf5 Nc5 20. Rab1 Rfe8 21. Nd6 Re6 22. Nc4 Nfe4 23. Ba1 b5 24. axb5 cxb5 25. Nxe5 Rae8 26. Nf3 Bxf3 27. Bxf3 Nxd2 28. Bd5 Rd6 29. Bg2 Ndxb3 30. Bc3 b4 31. Bd4 Nxd4 32. exd4 Rxe1+ 33. Rxe1 Ne6 34. d5 Nc7 35. Re7 d2 36. Bf3 Rxd5 37. Bd1 Rc5 38. Kf1 Kf8 39. Rd7 Nd5 0-1

[Event "POL Cup op blitz"]
[Site "Lodz"]
[Date "2021.08.08"]
[Round "12"]
[White "Stachowiak, Kamil"]
[Black "Kacprzak, Karol1111"]
[Result "1-0"]
[WhiteElo "2470"]
[BlackElo "2210"]
[PlyCount "95"]
[EventDate "2021.08.08"]
[EventType "swiss (blitz)"]
[EventRounds "13"]
[EventCountry "POL"]
[SourceTitle "CBM 203 Extra"]
[Source "ChessBase"]
[SourceDate "2021.09.30"]
[SourceVersion "1"]
[SourceVersionDate "2021.09.30"]
[SourceQuality "1"]

1. Nf3 c5 2. g3 Nc6 3. Bg2 d5 4. 0-0 e5 5. c4 d4 6. d3 Be7 7. e3 Nf6 8. exd4 exd4 9. Re1 0-0 10. Bf4 Bd6 11. Bxd6 Qxd6 12. a3 Bf5 13. Qc2 Rfe8 14. Nbd2 h6 15. h3 Bh7 16. Bf1 b6 17. Qa4 Nd7 18. Rxe8+ Rxe8 19. b4 Re7 20. b5 Na5 21. Re1 Rxe1 22. Nxe1 Ne5 23. Ndf3 Nd7 24. Qd1 Qe7 25. Bg2 Bf5 26. Nh4 Bh7 27. Kf1 Kf8 28. Qf3 Nf6 29. Nf5 Bxf5 30. Qxf5 Nb3 31. Nf3 g6 32. Qe5 Nc1 33. Qxe7+ Kxe7 34. Ne5 Nd7 35. Nc6+ Kd6 36. Nxa7 Nxd3 37. Bd5 f5 38. Nc8+ Ke5 39. Bc6 Nb8 40. f4+ Kf6 41. Nxb6 Ke7 42. Bd5 Kd6 43. Ke2 Nb2 44. a4 Nd7 45. Nxd7 Kxd7 46. a5 Kc7 47. b6+ Kb8 48. a6 1-0

[Event "POL Cup op rapid"]
[Site "Lodz"]
[Date "2021.08.07"]
[Round "8"]
[White "Gumularz, Szymon"]
[Black "Stachowiak, Kamil"]
[Result "1/2-1/2"]
[WhiteElo "2512"]
[BlackElo "2470"]
[PlyCount "105"]
[EventDate "2021.08.07"]
[EventType "swiss (rapid)"]
[EventRounds "9"]
[EventCountry "POL"]
[SourceTitle "CBM 203 Extra"]
[Source "ChessBase"]
[SourceDate "2021.09.30"]
[SourceVersion "1"]
[SourceVersionDate "2021.09.30"]
[SourceQuality "1"]

1. e4 c5 2. c3 Nf6 3. e5 Nd5 4. Nf3 e6 5. d4 cxd4 6. cxd4 d6 7. Bc4 Nc6 8. 0-0 Be7 9. Qe2 0-0 10. Qe4 Na5 11. Bd3 f5 12. exf6 Nxf6 13. Qe2 Nc6 14. Nc3 d5 15. Bg5 Bd7 16. Rad1 h6 17. Bc1 Qe8 18. Bb1 Qh5 19. h3 Bd6 20. Rfe1 Rae8 21. Ne5 Qxe2 22. Rxe2 Bc8 23. Bg6 Re7 24. Nf3 a6 25. g3 b5 26. Kg2 b4 27. Na4 e5 28. dxe5 Nxe5 29. Nxe5 Rxe5 30. Rxe5 Bxe5 31. Bf4 Bxf4 32. gxf4 a5 33. Nc5 Rd8 34. Rd4 Nh7 35. Nb3 Nf8 36. f5 Nxg6 37. fxg6 a4 38. Nc5 a3 39. Rxb4 axb2 40. Rxb2 d4 41. Kg3 Bf5 42. Rd2 d3 43. Kf4 Bxg6 44. Ke3 Re8+ 45. Kd4 Rd8+ 46. Kc4 Bf7+ 47. Kc3 Rc8 48. Kd4 Rd8+ 49. Ke3 Ra8 50. a4 Be8 51. Ra2 Ra5 52. Kd4 g5 53. Nxd3 1/2-1/2

[Event "POL Cup op rapid"]
[Site "Lodz"]
[Date "2021.08.07"]
[Round "7"]
[White "Stachowiak, Kamil"]
[Black "Grzesik, Gracjan"]
[Result "1-0"]
[WhiteElo "2470"]
[BlackElo "2125"]
[PlyCount "132"]
[EventDate "2021.08.07"]
[EventType "swiss (rapid)"]
[EventRounds "9"]
[EventCountry "POL"]
[SourceTitle "CBM 203 Extra"]
[Source "ChessBase"]
[SourceDate "2021.09.30"]
[SourceVersion "1"]
[SourceVersionDate "2021.09.30"]
[SourceQuality "1"]

1. Nf3 Nf6 2. g3 e6 3. Bg2 d5 4. 0-0 b5 5. a4 b4 6. c3 a5 7. d4 Ba6 8. cxb4 axb4 9. Nbd2 Nbd7 10. Nb3 c5 11. dxc5 Nxc5 12. Nfd4 Nfe4 13. Be3 Bd6 14. Nxc5 Nxc5 15. Qd2 b3 16. Rfc1 Rc8 17. Nb5 Bxb5 18. axb5 0-0 19. Bd4 Qd7 20. b6 Qb5 21. Qa5 Qxa5 22. Rxa5 Nb7 23. Rxc8 Nxa5 24. Rxf8+ Kxf8 25. e4 e5 26. Bc3 Nc4 27. b7 Bb8 28. exd5 Ke7 29. Bf1 Nb6 30. Bb4+ Kd7 31. Bb5+ Kd8 32. Ba5 Kc7 33. Bc6 f5 34. Kf1 Ba7 35. Ke2 e4 36. Bd2 Nc4 37. Bf4+ Nd6 38. Kd2 g5 39. Be5 Bc5 40. Ke2 Kb8 41. f3 exf3+ 42. Kxf3 Ka7 43. Bf6 h6 44. Bg7 Nxb7 45. Ba4 Na5 46. Bc3 Kb6 47. h3 Bd6 48. g4 fxg4+ 49. Kxg4 Nc4 50. Bxb3 Kc5 51. Kh5 Bf4 52. Bg7 Ne3 53. Bxh6 Nxd5 54. Bxd5 Kxd5 55. Bxg5 Be5 56. Bc1 Ke6 57. Kg6 Ke7 58. h4 Kf8 59. h5 Kg8 60. h6 Bd4 61. b4 Kf8 62. b5 Ke7 63. Bg5+ Ke6 64. b6 Bxb6 65. Bf6 Be3 66. h7 Kd5 1-0

[Event "Wroclaw Anderssen Memorial"]
[Site "Wroclaw"]
[Date "2021.07.31"]
[Round "7"]
[White "Przybylski, Wojciech"]
[Black "Stachowiak, Kamil"]
[Result "0-1"]
[WhiteElo "2321"]
[BlackElo "2470"]
[PlyCount "72"]
[EventDate "2021.07.31"]
[EventType "swiss (rapid)"]
[EventRounds "9"]
[EventCountry "POL"]
[SourceTitle "CBM 203 Extra"]
[Source "ChessBase"]
[SourceDate "2021.09.30"]
[SourceVersion "1"]
[SourceVersionDate "2021.09.30"]
[SourceQuality "1"]

1. e4 c5 2. Nf3 Nc6 3. Bb5 g6 4. 0-0 Bg7 5. c3 Nf6 6. Qe2 0-0 7. Rd1 d5 8. e5 Ne8 9. h3 Nc7 10. Ba4 Bd7 11. Bc2 d4 12. d3 dxc3 13. bxc3 Nd5 14. Bb3 Bf5 15. g4 Be6 16. d4 cxd4 17. cxd4 Qb6 18. Ba3 Rfd8 19. Qd2 Na5 20. Bc5 Nxb3 21. axb3 Qxb3 22. Ra3 Qb5 23. Nc3 Nxc3 24. Rxc3 Rd7 25. Qc2 Bd5 26. Nd2 b6 27. Ba3 Bb7 28. Nf1 Qd5 29. f3 Bxe5 30. Kg2 Bxd4 31. Rcd3 e5 32. Ng3 Rc8 33. Qb1 Qe6 34. Bb2 Qf6 35. Bxd4 Rxd4 36. Rxd4 Qxf3+ 0-1

[Event "Wroclaw Anderssen Memorial"]
[Site "Wroclaw"]
[Date "2021.07.31"]
[Round "1"]
[White "Rzewnicki, Pawel"]
[Black "Stachowiak, Kamil"]
[Result "0-1"]
[WhiteElo "1493"]
[BlackElo "2470"]
[PlyCount "70"]
[EventDate "2021.07.31"]
[EventType "swiss (rapid)"]
[EventRounds "9"]
[EventCountry "POL"]
[SourceTitle "CBM 203 Extra"]
[Source "ChessBase"]
[SourceDate "2021.09.30"]
[SourceVersion "1"]
[SourceVersionDate "2021.09.30"]
[SourceQuality "1"]

1. e4 c5 2. b4 d6 3. bxc5 dxc5 4. Nf3 Nc6 5. Bb2 Nf6 6. e5 Nd5 7. Bc4 Bg4 8. Nc3 Nxc3 9. Bxc3 e6 10. Rb1 Qc7 11. 0-0 Be7 12. h3 Bh5 13. Qe2 0-0 14. Bd3 Rfd8 15. g4 Bg6 16. Bxg6 hxg6 17. d3 Rd5 18. a4 b6 19. Rbd1 Rc8 20. Bb2 Nd4 21. Bxd4 cxd4 22. Qe4 Qxc2 23. Nxd4 Qxa4 24. Nf3 Qxe4 25. dxe4 Rxd1 26. Rxd1 Rc7 27. Kf1 a5 28. Ke2 a4 29. Ra1 a3 30. Nd4 Rc3 31. f3 Bc5 32. Nb5 Rb3 33. Na7 Bd4 34. Ra2 Rb2+ 35. Rxb2 axb2 0-1